The Gentianaceae Volume 2 Biotechnology and Applications

Uloženo v:
Podrobná bibliografie
Médium: Kniha
Jazyk:slovenština
Vydáno: : Springer, 2015
Témata:
ISBN:9783642541025
On-line přístup: Získat plný text
Tagy: Přidat tag
Žádné tagy, Buďte první, kdo vytvoří štítek k tomuto záznamu!

MARC

LEADER 00000nam a2200000 4500
003 SK-BrCVT
005 20220618110411.0
006 m####e######000#0#
007 ta
008 160824s###############e######000#0#slo#d
020 |a 9783642541025 
035 |a CVTIDW03010 
040 |a CVTISR  |b slo  |e AACR2 
080 |a 60 
245 1 4 |a The Gentianaceae  |n Volume 2  |p Biotechnology and Applications  |c Editors: Jan J. Rybczyński, Michael R. Davey, Anna Mikuła  |h [elektronický zdroj] 
260 |a  :  |b Springer,  |c 2015 
653 1 |a biotechnology  |a plant sciences 
856 4 |u http://ezproxy.cvtisr.sk/login.php?url=http://ezproxy.cvtisr.sk:2271/book/10.1007/978-3-642-54102-5 
910 |b ZE00952 
919 |a 978-3-642-54102-5 
974 |a gabriela.miklankova  |f Elektronické zdroje 
999 |c 261147  |d 261147